[Event "Legends of Chess Final"]
[Site "chess24.com INT"]
[Date "2020.08.03"]
[Round "2.12"]
[White "Carlsen, Magnus"]
[Black "Nepomniachtchi, Ian"]
[Result "1/2-1/2"]
[WhiteElo "2863"]
[BlackElo "2784"]
[PlyCount "72"]
[EventDate "2020.07.31"]
[EventType "k.o. (rapid)"]
[EventRounds "2"]
[EventCountry "GER"]
[SourceTitle "CBM 197"]
[Source "ChessBase"]
[SourceDate "2020.07.27"]
[SourceVersion "1"]
[SourceVersionDate "2020.07.27"]
[SourceQuality "1"]

1. d4 Nf6 2. c4 g6 3. Nc3 d5 4. cxd5 Nxd5 5. e4 Nxc3 6. bxc3 Bg7 7. Be3 c5 8.
Rc1 Qa5 9. Qd2 O-O 10. Nf3 Bg4 11. d5 b5 12. Be2 Nd7 13. O-O Rac8 14. Rfd1 Nb6
15. Bh6 Bxf3 16. gxf3 b4 17. Bxg7 Kxg7 18. cxb4 cxb4 19. Rc6 Rxc6 20. dxc6 Rc8
21. Rc1 Na4 22. Rc4 Nc3 23. Bf1 Qb6 24. a3 Rxc6 25. Rxc6 Qxc6 26. axb4 Nb5 27.
Bxb5 Qxb5 28. Qd4+ e5 29. Qxa7 Qxb4 30. Qc7 Qd4 31. Qe7 h5 32. h4 Qc3 33. Kg2
Qd4 34. Kg1 Qc3 35. Kg2 Qd4 36. Kg1 Qc3 1/2-1/2

[Event "Legends of Chess Final"]
[Site "chess24.com INT"]
[Date "2020.08.03"]
[Round "2.14"]
[White "Carlsen, Magnus"]
[Black "Nepomniachtchi, Ian"]
[Result "1/2-1/2"]
[WhiteElo "2863"]
[BlackElo "2784"]
[PlyCount "75"]
[EventDate "2020.07.31"]
[EventType "k.o. (rapid)"]
[EventRounds "2"]
[EventCountry "GER"]
[SourceTitle "CBM 197"]
[Source "ChessBase"]
[SourceDate "2020.07.27"]
[SourceVersion "1"]
[SourceVersionDate "2020.07.27"]
[SourceQuality "1"]

1. d4 Nf6 2. c4 g6 3. g3 c6 4. Bg2 d5 5. cxd5 cxd5 6. Nf3 Bg7 7. O-O O-O 8. Ne5
Ne4 9. Nd2 Nxd2 10. Bxd2 Nd7 11. Nxd7 Bxd7 12. e3 e6 13. Qb3 Qb6 14. Qxb6 axb6
15. Rfc1 Rfc8 16. Rxc8+ Rxc8 17. Rc1 Rxc1+ 18. Bxc1 Bb5 19. Bd2 Bf8 20. Bf1
Bxf1 21. Kxf1 f5 22. a4 Kf7 23. f4 h5 24. h4 Ke8 25. b4 Kd7 26. b5 Be7 27. Ke2
Bf8 28. Kd3 Be7 29. Kc2 Bf8 30. Kb3 Be7 31. Bb4 Bd8 32. Bf8 Ke8 33. Bd6 Kd7 34.
Bb4 Bc7 35. Ba3 Bd8 36. Bb4 Bc7 37. Ba3 Bd8 38. Bb4 1/2-1/2

[Event "Legends of Chess Final"]
[Site "chess24.com INT"]
[Date "2020.08.03"]
[Round "2.15"]
[White "Nepomniachtchi, Ian"]
[Black "Carlsen, Magnus"]
[Result "0-1"]
[WhiteElo "2784"]
[BlackElo "2863"]
[PlyCount "118"]
[EventDate "2020.07.31"]
[EventType "k.o. (rapid)"]
[EventRounds "2"]
[EventCountry "GER"]
[SourceTitle "CBM 197"]
[Source "ChessBase"]
[SourceDate "2020.07.27"]
[SourceVersion "1"]
[SourceVersionDate "2020.07.27"]
[SourceQuality "1"]

1. e4 c5 2. Nf3 d6 3. d4 cxd4 4. Nxd4 Nf6 5. Nc3 a6 6. h3 g6 7. g4 Bg7 8. Bg2
O-O 9. Be3 Nc6 10. Qd2 Nxd4 11. Bxd4 b5 12. g5 Nh5 13. Bxg7 Nxg7 14. e5 Ra7 15.
O-O-O Rd7 16. Bc6 Rc7 17. Bf3 Bf5 18. exd6 exd6 19. Ne4 Ne6 20. h4 Rc4 21. Nf6+
Kh8 22. Bd5 Rxc2+ 23. Qxc2 Bxc2 24. Kxc2 Nf4 25. Kb1 Kg7 26. Rd4 Nxd5 27. Rxd5
h6 28. Rhd1 Qc8 29. a3 Qh3 30. R1d4 Qf1+ 31. Ka2 Qxf2 32. Rxd6 hxg5 33. hxg5
Qg3 34. R6d5 Rc8 35. Rd3 Qf4 36. R3d4 Qh2 37. Rd2 Qc7 38. R2d4 Rh8 39. Rd7 Qe5
40. R7d5 Qe3 41. Rd3 Qc1 42. Rc3 Qf4 43. Rc2 b4 44. a4 b3+ 45. Kxb3 Rb8+ 46.
Ka2 Qxa4+ 47. Kb1 Rh8 48. Rc1 Qb3 49. Rd2 Qe6 50. Rc5 a5 51. Rcd5 a4 52. Ka2
Qe3 53. R2d3 Qb6 54. Rd6 Qg1 55. R6d5 Rh1 56. Ka3 Qa1+ 57. Kb4 Qxb2+ 58. Ka5
Rh8 59. Rb5 Ra8+ 0-1

[Event "Legends of Chess Final"]
[Site "chess24.com INT"]
[Date "2020.08.03"]
[Round "2.16"]
[White "Carlsen, Magnus"]
[Black "Nepomniachtchi, Ian"]
[Result "1-0"]
[WhiteElo "2863"]
[BlackElo "2784"]
[PlyCount "183"]
[EventDate "2020.07.31"]
[EventType "k.o. (rapid)"]
[EventRounds "2"]
[EventCountry "GER"]
[SourceTitle "CBM 197"]
[Source "ChessBase"]
[SourceDate "2020.07.27"]
[SourceVersion "1"]
[SourceVersionDate "2020.07.27"]
[SourceQuality "1"]

1. Nf3 d6 2. d4 g6 3. e4 Bg7 4. Nc3 a6 5. Be3 b5 6. Bd3 Bb7 7. a4 b4 8. Ne2 Nf6
9. Ng3 a5 10. c3 Na6 11. O-O O-O 12. h3 c5 13. Qe2 bxc3 14. bxc3 cxd4 15. cxd4
Nb4 16. Rfc1 Rc8 17. Bd2 Rxc1+ 18. Rxc1 Qa8 19. Bb1 Bc6 20. Bxb4 axb4 21. Qc4
Bxa4 22. Qxb4 Bc6 23. Qb6 Rc8 24. Bd3 Bd7 25. Rxc8+ Qxc8 26. Qb2 h5 27. Qd2 Qa8
28. e5 dxe5 29. dxe5 Nd5 30. Be4 Bc6 31. e6 f5 32. Bxd5 Bxd5 33. Nh4 Kh7 34.
Ngxf5 gxf5 35. Qg5 Qa1+ 36. Kh2 Qe5+ 37. f4 Qxe6 38. Qxh5+ Kg8 39. Nxf5 Bf8 40.
Qg5+ Kf7 41. Qh5+ Qg6 42. Nh6+ Bxh6 43. Qxd5+ e6 44. Qb7+ Kg8 45. Qc8+ Kh7 46.
Qb7+ Bg7 47. Qf3 Qf6 48. Qe4+ Kg8 49. Qa8+ Bf8 50. Qe4 Kg7 51. g3 Qb2+ 52. Qg2
Qb3 53. Qe2 Bd6 54. h4 Kf6 55. Qd2 Qd5 56. Qb2+ Kf7 57. Qe2 Qd4 58. Kh3 Qc5 59.
Qe4 Qh5 60. Qb7+ Be7 61. Qe4 Qd5 62. Qh7+ Ke8 63. h5 Qh1+ 64. Kg4 Qd1+ 65. Kh3
Qh1+ 66. Kg4 Qd1+ 67. Kh3 Qd5 68. Qg6+ Kd7 69. h6 Qh1+ 70. Kg4 Qd1+ 71. Kh3 Qd4
72. h7 Bf6 73. Qf7+ Kd6 74. Qf8+ Kd5 75. Qg8 Qa1 76. Qf7 Qh1+ 77. Kg4 Qd1+ 78.
Kh3 Qf1+ 79. Kg4 Qe2+ 80. Kh3 Qb2 81. Qd7+ Ke4 82. Qxe6+ Kf3 83. Qd5+ Ke3 84.
Kg4 Bh8 85. Qf3+ Kd4 86. Qd1+ Kc5 87. Qd7 Qf6 88. Qf5+ Kd6 89. Qxf6+ Bxf6 90.
Kf5 Ke7 91. Kg6 Bh8 92. g4 1-0

[Event "Legends of Chess Final"]
[Site "chess24.com INT"]
[Date "2020.08.04"]
[Round "2.21"]
[White "Carlsen, Magnus"]
[Black "Nepomniachtchi, Ian"]
[Result "1-0"]
[WhiteElo "2863"]
[BlackElo "2784"]
[PlyCount "53"]
[EventDate "2020.07.31"]
[EventType "k.o. (rapid)"]
[EventRounds "2"]
[EventCountry "GER"]
[SourceTitle "CBM 197"]
[Source "ChessBase"]
[SourceDate "2020.07.27"]
[SourceVersion "1"]
[SourceVersionDate "2020.07.27"]
[SourceQuality "1"]

1. d4 Nf6 2. Nf3 g6 3. Bf4 Bg7 4. e3 O-O 5. Be2 d6 6. O-O Nh5 7. Bg5 h6 8. Bh4
g5 9. Nfd2 Nf6 10. Bg3 Nc6 11. Nc3 e5 12. dxe5 Nxe5 13. f4 Neg4 14. Rf3 Re8 15.
Nf1 Nh5 16. Be1 f5 17. Bc4+ Be6 18. Bxe6+ Rxe6 19. h3 Ngf6 20. fxg5 hxg5 21.
Rxf5 Bh6 22. g4 Ng7 23. Rf3 Qd7 24. Ng3 Rae8 25. Bf2 Qc6 26. e4 Nd7 27. Nd5 1-0

[Event "Legends of Chess Final"]
[Site "chess24.com INT"]
[Date "2020.08.04"]
[Round "2.22"]
[White "Nepomniachtchi, Ian"]
[Black "Carlsen, Magnus"]
[Result "0-1"]
[WhiteElo "2784"]
[BlackElo "2863"]
[PlyCount "152"]
[EventDate "2020.07.31"]
[EventType "k.o. (rapid)"]
[EventRounds "2"]
[EventCountry "GER"]
[SourceTitle "CBM 197"]
[Source "ChessBase"]
[SourceDate "2020.07.27"]
[SourceVersion "1"]
[SourceVersionDate "2020.07.27"]
[SourceQuality "1"]

1. e4 c5 2. Nf3 d6 3. d4 cxd4 4. Nxd4 Nf6 5. Nc3 a6 6. h3 e5 7. Nb3 Be7 8. g4
h6 9. Be3 Nbd7 10. a4 Nf8 11. Bc4 Ng6 12. Qe2 Bd7 13. f3 Rc8 14. h4 Nh7 15. h5
Bh4+ 16. Rxh4 Nxh4 17. O-O-O Nxf3 18. Rxd6 Qe7 19. Rb6 Bxg4 20. Bd5 O-O 21. Qg2
Qh4 22. Rg6 Nhg5 23. Kb1 Be6 24. Rxe6 fxe6 25. Bxb7 Qe1+ 26. Bc1 Rxc3 27. bxc3
Nxe4 28. Bxe4 Qxe4 29. Bxh6 Rf7 30. Bc1 Qf5 31. Qe2 Rc7 32. Kb2 Qxh5 33. Qxa6
Qe8 34. Qb5 Qc6 35. c4 Kf7 36. c5 Nd4 37. Qf1+ Kg8 38. Be3 Qxa4 39. Bxd4 exd4
40. Qf4 Qd7 41. Qe5 Rb7 42. Qe4 Rb8 43. Qe5 Rb4 44. Qe4 Qd5 45. Qg4 Rc4 46. Qf4
Rb4 47. Qg4 Qf5 48. Qh4 Rc4 49. Qd8+ Kh7 50. Qh4+ Kg6 51. Nxd4 Qe5 52. Qg4+ Kh7
53. Qh4+ Kg8 54. Qd8+ Kf7 55. Qd7+ Kf6 56. c3 Rxc5 57. Qd8+ Kg6 58. Qe8+ Kh7
59. Qd8 Rd5 60. Qh4+ Kg8 61. Qg4 Rd6 62. Qh4 Qf6 63. Qe4 Rb6+ 64. Kc2 Kf7 65.
Qa8 Qg6+ 66. Kd2 Rb2+ 67. Ke3 Qg1+ 68. Kd3 Qf1+ 69. Ke3 Qf2+ 70. Kd3 Qg2 71.
Nf3 Qe2+ 72. Kd4 Qd1+ 73. Ke3 Re2+ 74. Kf4 Qd6+ 75. Kg4 Rg2+ 76. Kh5 g6+ 0-1

[Event "Legends of Chess Final"]
[Site "chess24.com INT"]
[Date "2020.08.04"]
[Round "2.23"]
[White "Carlsen, Magnus"]
[Black "Nepomniachtchi, Ian"]
[Result "1/2-1/2"]
[WhiteElo "2863"]
[BlackElo "2784"]
[PlyCount "71"]
[EventDate "2020.07.31"]
[EventType "k.o. (rapid)"]
[EventRounds "2"]
[EventCountry "GER"]
[SourceTitle "CBM 197"]
[Source "ChessBase"]
[SourceDate "2020.07.27"]
[SourceVersion "1"]
[SourceVersionDate "2020.07.27"]
[SourceQuality "1"]

1. d4 d6 2. e4 g6 3. Nf3 Bg7 4. Be2 Nc6 5. O-O e5 6. dxe5 dxe5 7. Qxd8+ Nxd8 8.
Nc3 Ne6 9. Bc4 c6 10. Ng5 Nd8 11. Rd1 Nh6 12. a4 f6 13. Nf3 Nhf7 14. a5 Be6 15.
Be2 Bf8 16. Be3 Nd6 17. Nd2 N8f7 18. f3 Bh6 19. Bf2 Rd8 20. Nb3 Bxb3 21. cxb3
a6 22. Na4 Nc8 23. Nc5 Rxd1+ 24. Rxd1 Nfd6 25. Nxb7 Nxb7 26. Bxa6 Nbd6 27. Bxc8
Nxc8 28. a6 Rf8 29. a7 Nxa7 30. Bxa7 Rf7 31. Bc5 Rb7 32. b4 Bf8 33. Bxf8 Kxf8
34. Rd6 Ke7 35. Rxc6 Rxb4 36. Rc7+ 1/2-1/2

[Event "Skilling op KO"]
[Site "chess24.com INT"]
[Date "2020.11.27"]
[Round "2.11"]
[White "Carlsen, Magnus"]
[Black "Nepomniachtchi, Ian"]
[Result "1-0"]
[WhiteElo "2862"]
[BlackElo "2784"]
[PlyCount "51"]
[EventDate "2020.11.25"]
[EventType "k.o. (rapid)"]
[EventRounds "3"]
[EventCountry "USA"]
[SourceTitle "CBM 200"]
[Source "ChessBase"]
[SourceDate "2021.02.01"]
[SourceVersion "1"]
[SourceVersionDate "2021.02.01"]
[SourceQuality "1"]

1. d4 Nf6 2. c4 g6 3. Nc3 d5 4. cxd5 Nxd5 5. Bd2 Bg7 6. e4 Nxc3 7. Bxc3 O-O 8.
Qd2 Nc6 9. Nf3 Bg4 10. d5 Bxf3 11. Bxg7 Kxg7 12. gxf3 Ne5 13. O-O-O c6 14. Bh3
Kg8 15. Qc3 Qb8 16. d6 exd6 17. f4 Re8 18. Rhe1 a5 19. Kb1 a4 20. fxe5 Rxe5 21.
f4 Rc5 22. Qf6 a3 23. b3 Rh5 24. Rxd6 Qe8 25. Be6 fxe6 26. Red1 1-0

[Event "Skilling op KO"]
[Site "chess24.com INT"]
[Date "2020.11.27"]
[Round "2.12"]
[White "Nepomniachtchi, Ian"]
[Black "Carlsen, Magnus"]
[Result "1/2-1/2"]
[WhiteElo "2784"]
[BlackElo "2862"]
[PlyCount "106"]
[EventDate "2020.11.25"]
[EventType "k.o. (rapid)"]
[EventRounds "3"]
[EventCountry "USA"]
[SourceTitle "CBM 200"]
[Source "ChessBase"]
[SourceDate "2021.02.01"]
[SourceVersion "1"]
[SourceVersionDate "2021.02.01"]
[SourceQuality "1"]

1. e4 c5 2. Nf3 Nc6 3. Nc3 g6 4. d4 cxd4 5. Nxd4 Bg7 6. Be3 Nf6 7. Bc4 O-O 8.
Bb3 d6 9. h3 Na5 10. O-O b6 11. Qd2 Bb7 12. f3 Rc8 13. Bh6 Bxh6 14. Qxh6 e5 15.
Nde2 b5 16. a3 Nxb3 17. cxb3 d5 18. exd5 Nxd5 19. Kh1 Qb6 20. Ne4 f6 21. Rfc1
Ne7 22. Rxc8 Rxc8 23. Rc1 Bxe4 24. fxe4 Rxc1+ 25. Qxc1 a6 26. Qd1 Kf7 27. b4
Qe6 28. Nc3 Nc6 29. Nd5 Qd6 30. Qc1 Ne7 31. Qc7 Qxc7 32. Nxc7 Nc8 33. Nxa6 Nd6
34. Nc7 Ke7 35. Nd5+ Ke6 36. Nc3 f5 37. Kg1 f4 38. b3 Kd7 39. a4 g5 40. Kf2 h5
41. Kf3 Kc6 42. Nd5 g4+ 43. hxg4 hxg4+ 44. Kxg4 Nxe4 45. Ne7+ Kd6 46. Ng6 Nf6+
47. Kf5 Nd5 48. Nxe5 bxa4 49. bxa4 Nxb4 50. Ng6 Nd5 51. Nxf4 Ne3+ 52. Ke4 Nxg2
53. Nxg2 Kc5 1/2-1/2

[Event "Skilling op KO"]
[Site "chess24.com INT"]
[Date "2020.11.27"]
[Round "2.13"]
[White "Carlsen, Magnus"]
[Black "Nepomniachtchi, Ian"]
[Result "1/2-1/2"]
[WhiteElo "2862"]
[BlackElo "2784"]
[PlyCount "151"]
[EventDate "2020.11.25"]
[EventType "k.o. (rapid)"]
[EventRounds "3"]
[EventCountry "USA"]
[SourceTitle "CBM 200"]
[Source "ChessBase"]
[SourceDate "2021.02.01"]
[SourceVersion "1"]
[SourceVersionDate "2021.02.01"]
[SourceQuality "1"]

1. d4 Nf6 2. c4 g6 3. Nc3 d5 4. cxd5 Nxd5 5. e4 Nxc3 6. bxc3 Bg7 7. Nf3 c5 8.
h3 O-O 9. Be2 Nc6 10. Be3 cxd4 11. cxd4 Qa5+ 12. Bd2 Qa3 13. Be3 Qa5+ 14. Bd2
Qa3 15. Be3 Qc3+ 16. Bd2 Qb2 17. Rb1 Qxa2 18. d5 Ne5 19. O-O Nxf3+ 20. Bxf3 a5
21. Bf4 a4 22. e5 Qc4 23. Qd2 a3 24. Rfc1 Qa4 25. Ra1 Bf5 26. Ra2 Rfc8 27. Rca1
Qb3 28. Bd1 Qc3 29. Qxc3 Rxc3 30. Bd2 Rd3 31. f4 g5 32. Bb4 gxf4 33. Bc2 Rd4
34. Bxe7 Bxc2 35. Rxc2 Bxe5 36. Rxa3 Rxa3 37. Bxa3 Rxd5 38. Kf2 Kg7 39. Bb2 b5
40. Bxe5+ Rxe5 41. Rb2 Kg6 42. Kf3 Kg5 43. Rb4 f6 44. Kf2 Rd5 45. Kf3 Rc5 46.
Kf2 Kf5 47. Kf3 Ke6 48. Re4+ Re5 49. Rb4 Rf5 50. Rb1 h5 51. Ke4 h4 52. Ra1 Rd5
53. Ra8 Rd2 54. Rb8 Rxg2 55. Rb6+ Kf7 56. Rxb5 Kg6 57. Kxf4 Rg3 58. Rb8 Rxh3
59. Kg4 Rh1 60. Rg8+ Kf7 61. Ra8 Kg7 62. Rb8 h3 63. Kg3 Kg6 64. Rb6 Kg5 65.
Rb5+ f5 66. Ra5 Rb1 67. Kxh3 Rb3+ 68. Kg2 Kg4 69. Ra8 Rb2+ 70. Kg1 Rb3 71. Kg2
Kf4 72. Ra4+ Ke3 73. Kg3 Rd3 74. Rf4 Ke2+ 75. Kg2 Rd5 76. Kg3 1/2-1/2

[Event "Skilling op KO"]
[Site "chess24.com INT"]
[Date "2020.11.27"]
[Round "2.14"]
[White "Nepomniachtchi, Ian"]
[Black "Carlsen, Magnus"]
[Result "1/2-1/2"]
[WhiteElo "2784"]
[BlackElo "2862"]
[PlyCount "92"]
[EventDate "2020.11.25"]
[EventType "k.o. (rapid)"]
[EventRounds "3"]
[EventCountry "USA"]
[SourceTitle "CBM 200"]
[Source "ChessBase"]
[SourceDate "2021.02.01"]
[SourceVersion "1"]
[SourceVersionDate "2021.02.01"]
[SourceQuality "1"]

1. e4 e5 2. Nf3 Nc6 3. Bb5 Nf6 4. O-O Nxe4 5. Re1 Nd6 6. Nxe5 Be7 7. Bf1 Nxe5
8. Rxe5 O-O 9. d4 Bf6 10. Re1 Nf5 11. c3 d5 12. Bf4 Bg5 13. Qd2 Bxf4 14. Qxf4
Qd6 15. Qf3 c6 16. Bd3 g6 17. Nd2 Bd7 18. Re5 f6 19. Re2 Rae8 20. Rae1 Nh4 21.
Qg3 Qxg3 22. hxg3 Rxe2 23. Bxe2 Nf5 24. g4 Nd6 25. f3 Re8 26. Kf2 a5 27. b3 f5
28. gxf5 Nxf5 29. Rc1 h5 30. Bd3 Kg7 31. Nf1 Kf6 32. Bxf5 Bxf5 33. Ne3 a4 34.
c4 axb3 35. axb3 dxc4 36. bxc4 Ra8 37. d5 cxd5 38. Nxd5+ Ke5 39. Re1+ Kd4 40.
Rd1+ Kc5 41. Ne3 Be6 42. Rb1 Kc6 43. c5 Kxc5 44. Rxb7 Ra2+ 45. Kg3 Re2 46. Nd1
h4+ 1/2-1/2

[Event "Skilling op KO"]
[Site "chess24.com INT"]
[Date "2020.11.28"]
[Round "2.21"]
[White "Nepomniachtchi, Ian"]
[Black "Carlsen, Magnus"]
[Result "1-0"]
[WhiteElo "2784"]
[BlackElo "2862"]
[PlyCount "79"]
[EventDate "2020.11.25"]
[EventType "k.o. (rapid)"]
[EventRounds "3"]
[EventCountry "USA"]
[SourceTitle "CBM 200"]
[Source "ChessBase"]
[SourceDate "2021.02.01"]
[SourceVersion "1"]
[SourceVersionDate "2021.02.01"]
[SourceQuality "1"]

1. e4 e5 2. Nf3 Nc6 3. Bb5 a6 4. Ba4 Nf6 5. O-O Be7 6. d3 d6 7. c3 O-O 8. Nbd2
Re8 9. Re1 Bf8 10. d4 b5 11. Bc2 exd4 12. cxd4 Bg4 13. Nf1 g6 14. Ng3 Bg7 15.
Be3 Nd7 16. Rc1 Bxf3 17. gxf3 Qf6 18. Bb3 Nxd4 19. Bxd4 Qxd4 20. Rxc7 Ra7 21.
Rxa7 Qxa7 22. Qxd6 Bxb2 23. f4 Nc5 24. Bd5 Bd4 25. Re2 Nd3 26. Kg2 Kg7 27. Rd2
Bc5 28. Qc6 Nxf4+ 29. Kf3 Rd8 30. Kxf4 Rd6 31. Qe8 Bxf2 32. Kg4 Rf6 33. e5 h5+
34. Kh3 Rf4 35. e6 fxe6 36. Bxe6 Bd4 37. Nxh5+ gxh5 38. Rg2+ Kf6 39. Rg6+ Ke5
40. Bb3+ 1-0

[Event "Skilling op KO"]
[Site "chess24.com INT"]
[Date "2020.11.28"]
[Round "2.22"]
[White "Carlsen, Magnus"]
[Black "Nepomniachtchi, Ian"]
[Result "1-0"]
[WhiteElo "2862"]
[BlackElo "2784"]
[PlyCount "105"]
[EventDate "2020.11.25"]
[EventType "k.o. (rapid)"]
[EventRounds "3"]
[EventCountry "USA"]
[SourceTitle "CBM 200"]
[Source "ChessBase"]
[SourceDate "2021.02.01"]
[SourceVersion "1"]
[SourceVersionDate "2021.02.01"]
[SourceQuality "1"]

1. e4 c5 2. c3 Nf6 3. e5 Nd5 4. Nf3 Nc6 5. Bc4 Nb6 6. Bb3 d5 7. exd6 Qxd6 8.
O-O Be6 9. Bxe6 Qxe6 10. a4 Qd7 11. a5 Nd5 12. a6 b6 13. d4 cxd4 14. Nxd4 e6
15. Nxc6 Qxc6 16. Qg4 h5 17. Qe2 b5 18. Na3 Bxa3 19. Rxa3 f6 20. Rb3 Nc7 21.
Rb4 Qxa6 22. Rh4 Kf7 23. Rxh5 Nd5 24. Re1 Qc6 25. h4 a5 26. Rxh8 Rxh8 27. h5 a4
28. Bd2 Ne7 29. h6 gxh6 30. Qh5+ Ng6 31. Bxh6 Qd6 32. Rd1 Qc6 33. Rd4 f5 34.
Rd3 Rg8 35. Bg5 Rh8 36. Qe2 Qc7 37. Rh3 Rxh3 38. gxh3 Qe5 39. Qd1 Nf8 40. h4
Kg6 41. Qd8 Qg7 42. Qe8+ Kh7 43. Qxb5 Ng6 44. Qxa4 Ne5 45. Qf4 Qh8 46. b4 Kg6
47. Qe3 Kf7 48. b5 Qb8 49. Bf4 Qg8+ 50. Kf1 Ng4 51. Qa7+ Kg6 52. Qe7 Nf6 53.
h5+ 1-0

[Event "Skilling op KO"]
[Site "chess24.com INT"]
[Date "2020.11.28"]
[Round "2.23"]
[White "Nepomniachtchi, Ian"]
[Black "Carlsen, Magnus"]
[Result "1/2-1/2"]
[WhiteElo "2784"]
[BlackElo "2862"]
[PlyCount "77"]
[EventDate "2020.11.25"]
[EventType "k.o. (rapid)"]
[EventRounds "3"]
[EventCountry "USA"]
[SourceTitle "CBM 200"]
[Source "ChessBase"]
[SourceDate "2021.02.01"]
[SourceVersion "1"]
[SourceVersionDate "2021.02.01"]
[SourceQuality "1"]

1. e4 e5 2. Nf3 Nc6 3. Bb5 a6 4. Ba4 Nf6 5. O-O Be7 6. d3 b5 7. Bb3 d6 8. a3
Na5 9. Ba2 c5 10. Nc3 Be6 11. Nh4 O-O 12. Nf5 Bxf5 13. exf5 d5 14. Qf3 c4 15.
Bg5 e4 16. dxe4 dxe4 17. Qh3 Qc7 18. Rae1 Rfe8 19. Bb1 Rad8 20. Bxf6 Bxf6 21.
Nxe4 Bxb2 22. f6 Qd7 23. Qg3 g6 24. Qe3 Rxe4 25. Qxe4 Bxf6 26. a4 b4 27. Qf3
Qc6 28. Qxc6 Nxc6 29. Re4 Nd4 30. Rfe1 Kf8 31. Kf1 b3 32. c3 Nc2 33. Bxc2 bxc2
34. Rc1 Rd1+ 35. Re1 Rd2 36. Re2 Rd1+ 37. Re1 Rd2 38. Re2 Rd1+ 39. Re1 1/2-1/2

[Event "Skilling op KO"]
[Site "chess24.com INT"]
[Date "2020.11.28"]
[Round "2.24"]
[White "Carlsen, Magnus"]
[Black "Nepomniachtchi, Ian"]
[Result "1/2-1/2"]
[WhiteElo "2862"]
[BlackElo "2784"]
[PlyCount "70"]
[EventDate "2020.11.25"]
[EventType "k.o. (rapid)"]
[EventRounds "3"]
[EventCountry "USA"]
[SourceTitle "CBM 200"]
[Source "ChessBase"]
[SourceDate "2021.02.01"]
[SourceVersion "1"]
[SourceVersionDate "2021.02.01"]
[SourceQuality "1"]

1. e4 c5 2. Nf3 d6 3. Bb5+ Nd7 4. a4 Ngf6 5. Nc3 a6 6. Be2 b6 7. d4 cxd4 8.
Qxd4 Bb7 9. O-O e6 10. Rd1 Qc7 11. Be3 Ng4 12. Bg5 h6 13. Bh4 Nge5 14. Nxe5
dxe5 15. Qc4 Qxc4 16. Bxc4 Rc8 17. Bd3 Bc5 18. Kf1 Bd4 19. f3 Bxc3 20. bxc3
Rxc3 21. Rdb1 Bc8 22. Rb2 O-O 23. Bf2 f5 24. Bxb6 fxe4 25. Bxe4 Nf6 26. Bd3 e4
27. fxe4 Nxe4+ 28. Kg1 Nc5 29. Bxc5 Rxc5 30. a5 e5 31. Rb6 Rf6 32. Rf1 Rxb6 33.
axb6 Bb7 34. c4 a5 35. Bf5 Rc6 1/2-1/2

[Event "Opera Euro Rapid Prelim"]
[Site "chess24.com INT"]
[Date "2021.02.07"]
[Round "9"]
[White "Nepomniachtchi, Ian"]
[Black "Carlsen, Magnus"]
[Result "1/2-1/2"]
[WhiteElo "2789"]
[BlackElo "2862"]
[PlyCount "69"]
[EventDate "2021.02.06"]
[EventType "tourn (rapid)"]
[EventRounds "15"]
[EventCountry "GER"]
[EventCategory "21"]
[SourceTitle "CBM 201"]
[Source "ChessBase"]
[SourceDate "2021.04.30"]
[SourceVersion "1"]
[SourceVersionDate "2021.04.30"]
[SourceQuality "1"]

1. e4 e5 2. Nf3 Nc6 3. Bb5 a6 4. Ba4 Nf6 5. O-O b5 6. Bb3 Bb7 7. d3 Be7 8. Nc3
O-O 9. a3 d6 10. Ne2 d5 11. exd5 Nxd5 12. Re1 Kh8 13. Ng3 f6 14. c3 Qd7 15. d4
exd4 16. cxd4 Rad8 17. Qd3 f5 18. Bc2 g6 19. Bh6 Rfe8 20. Bb3 Bf6 21. Qd2 Nb6
22. Bg5 Qg7 23. Rxe8+ Rxe8 24. Re1 Re7 25. d5 Nd4 26. Bxf6 Nxf3+ 27. gxf3 Rxe1+
28. Qxe1 Qxf6 29. Qe8+ Kg7 30. Qb8 Bxd5 31. Qxc7+ Kh6 32. Qf4+ Kg7 33. Qc7+ Kh6
34. Qf4+ Kg7 35. Qc7+ 1/2-1/2

[Event "Carlsen Inv KO"]
[Site "chess24.com INT"]
[Date "2021.03.18"]
[Round "2.12"]
[White "Nepomniachtchi, Ian"]
[Black "Carlsen, Magnus"]
[Result "1/2-1/2"]
[WhiteElo "2789"]
[BlackElo "2847"]
[PlyCount "40"]
[EventDate "2021.03.16"]
[EventType "k.o. (rapid)"]
[EventRounds "3"]
[EventCountry "GER"]
[SourceTitle "CBM 201a"]
[Source "ChessBase"]
[SourceDate "2021.09.18"]
[SourceVersion "1"]
[SourceVersionDate "2021.09.18"]
[SourceQuality "1"]

1. e4 e5 2. Nf3 Nc6 3. Bb5 a6 4. Ba4 Nf6 5. O-O Nxe4 6. d4 b5 7. Bb3 d5 8. dxe5
Be6 9. c3 Be7 10. Nbd2 Nc5 11. Bc2 d4 12. Nb3 dxc3 13. bxc3 Qxd1 14. Rxd1 Na4
15. Be4 Bd7 16. Rxd7 Kxd7 17. Bf5+ Ke8 18. Be4 Kd7 19. Bf5+ Ke8 20. Be4 Kd7
1/2-1/2

[Event "Carlsen Inv KO"]
[Site "chess24.com INT"]
[Date "2021.03.18"]
[Round "2.13"]
[White "Carlsen, Magnus"]
[Black "Nepomniachtchi, Ian"]
[Result "0-1"]
[WhiteElo "2847"]
[BlackElo "2789"]
[PlyCount "90"]
[EventDate "2021.03.16"]
[EventType "k.o. (rapid)"]
[EventRounds "3"]
[EventCountry "GER"]
[SourceTitle "CBM 201a"]
[Source "ChessBase"]
[SourceDate "2021.09.18"]
[SourceVersion "1"]
[SourceVersionDate "2021.09.18"]
[SourceQuality "1"]

1. d4 Nf6 2. c4 e6 3. Nf3 d5 4. Nc3 dxc4 5. e4 b5 6. e5 Nd5 7. Nxb5 Nb6 8. Be2
Nc6 9. O-O Be7 10. Qd2 Bb7 11. Rd1 Qd7 12. Nc3 Nb4 13. a3 N4d5 14. Ne4 Qc6 15.
Re1 O-O-O 16. Bf1 f5 17. exf6 gxf6 18. Qe2 Kb8 19. Bd2 Rhg8 20. Rac1 Bd6 21. g3
f5 22. Nxd6 cxd6 23. Bg2 Rde8 24. Nh4 Qb5 25. Rb1 Qb3 26. Bc3 Nf4 27. gxf4 Rg4
28. h3 Rxh4 29. Bxb7 Kxb7 30. Qf3+ Ka6 31. d5 Nxd5 32. Rxe6 Rxe6 33. Qxd5 Rg6+
34. Kf1 Qb5 35. Rd1 Qxd5 36. Rxd5 Rxf4 37. Bd4 Rf3 38. Be3 f4 39. Rf5 Re6 40.
Bd4 Re4 41. Kg2 Rd3 42. Bc3 d5 43. Rf6+ Kb5 44. Rf7 d4 45. Bb4 Re2 0-1

[Event "Carlsen Inv KO"]
[Site "chess24.com INT"]
[Date "2021.03.19"]
[Round "2.21"]
[White "Nepomniachtchi, Ian"]
[Black "Carlsen, Magnus"]
[Result "1/2-1/2"]
[WhiteElo "2789"]
[BlackElo "2847"]
[PlyCount "123"]
[EventDate "2021.03.16"]
[EventType "k.o. (rapid)"]
[EventRounds "3"]
[EventCountry "GER"]
[SourceTitle "CBM 201a"]
[Source "ChessBase"]
[SourceDate "2021.09.18"]
[SourceVersion "1"]
[SourceVersionDate "2021.09.18"]
[SourceQuality "1"]

1. e4 e5 2. Nf3 Nc6 3. Bb5 a6 4. Ba4 Nf6 5. O-O Be7 6. d3 b5 7. Bb3 d6 8. a3
O-O 9. Nc3 Rb8 10. Nd5 Nxd5 11. Bxd5 Bd7 12. b4 Bf6 13. Be3 Ne7 14. Bb3 Ng6 15.
a4 bxa4 16. Bxa4 Rxb4 17. Bxd7 Qxd7 18. Rxa6 Ra4 19. Rxa4 Qxa4 20. Qb1 Qc6 21.
Qb3 Ra8 22. Rb1 Nf8 23. g3 Ne6 24. h4 h5 25. Nd2 g6 26. Qd5 Qa4 27. Nc4 Rd8 28.
Rc1 Rb8 29. Qa5 Qd7 30. Qa7 Qc8 31. Ra1 Kg7 32. Kf1 Rb7 33. Qa8 Rb1+ 34. Ke2
Rb8 35. Qa6 Qd7 36. Qa4 Qd8 37. Qc6 Kh7 38. Nd2 Bg7 39. Nf3 Bh6 40. Bxh6 Kxh6
41. Qc3 Kg7 42. Kf1 Rb5 43. Kg2 Qb8 44. d4 exd4 45. Nxd4 Nxd4 46. Qxd4+ Kg8 47.
Ra4 Re5 48. Qa1 Qb7 49. Kh2 Re8 50. Qc3 Rxe4 51. Rxe4 Qxe4 52. Qxc7 d5 53. Qc8+
Kg7 54. Qc3+ Kf8 55. Qc8+ Ke7 56. Qc7+ Kf6 57. Qc3+ Qe5 58. Qc6+ Kg7 59. Qc5
Qe4 60. Qc3+ Kh7 61. Qc7 Qe6 62. Qc5 1/2-1/2